| 000 | 00897nam a22002897a 4500 | ||
|---|---|---|---|
| 003 | CBULib | ||
| 005 | 20231010135312.0 | ||
| 008 | 230503b |||||||| |||| 00| 0 eng d | ||
| 020 | _a9780323172998 | ||
| 040 |
_aCBULib _cCBULib _bEnglish _erda |
||
| 041 | _aeng | ||
| 050 | _aSF 996.5.S57 Sir | ||
| 100 | 1 |
_aSirois, Margi _9330 |
|
| 245 |
_aLaboratory animal and exotic pet medicine : principles and procedures _c/ by Margi Sirois |
||
| 250 | _aSecond edition | ||
| 260 |
_aSt Louis : _bElsevier, _c2016 |
||
| 300 | _axi, 230 pages : illustrations | ||
| 336 |
_2rdacontent _aText | _btxt |
||
| 337 |
_2rdamedia _aUnmediated | _bn |
||
| 338 |
_2rdacarrier _aVolume _bnc |
||
| 504 | _aIncludes index. | ||
| 650 | 0 |
_aWILD ANIMALS AS PETS _9331 |
|
| 650 | 0 |
_aVETERINARY MEDICINE _9325 |
|
| 650 | 0 |
_aLABORATORY ANIMALS _9332 |
|
| 650 | 0 |
_aLABORATORY ANIMALS--DISEASES _9333 |
|
| 942 |
_c002 _2lcc |
||
| 999 |
_c77738 _d77738 |
||